000 00761nam a2200241 i 4500
003 DO-SdBNP
005 20240809100759.0
007 ta
008 240809b1998 sp ||||| |||| 00| 0 spa d
040 _aDO-SdBNP
_bspa
_cBNPHU
_erda
082 4 _bM665b
_222
110 1 _aMinisterio de Cultura y Deportes.
_bBiblioteca Nacional de Guatemala, Luis Cardoza y Aragón
_986256
245 _aBibliografía guatemalteca 1991-1995
264 _aGuatelama de la Asunción :
_bBiblioteca Nacional de Guatemala,
_c1998
300 _a278 páginas ;
_c28 cm.
336 _2rdacontent
_atexto
_btxt
337 _2rdamedia
_asin mediación
_bn
338 _2rdacarrier
_avolumen
_bnc
590 _aInventariado, 2024/DG
650 _986130
910 _aDG
942 _2ddc
_cLBS1
999 _c57396
_d57396